|
|
|
|
| LEADER |
00757nas a2200181 i 4500 |
| 001 |
acta42808 |
| 005 |
20260224081030.0 |
| 008 |
170519s2009 hu o 000 eng d |
| 022 |
|
|
|a 1417-3875
|
| 040 |
|
|
|a SZTE Egyetemi Kiadványok Repozitórium
|b hun
|
| 041 |
|
|
|a eng
|
| 100 |
1 |
|
|a Webb Jeffrey R. L.
|
| 245 |
1 |
0 |
|a Positive solutions of some higher order nonlocal boundary value problems
|h [elektronikus dokumentum] /
|c Webb Jeffrey R. L.
|
| 260 |
|
|
|c 2009
|
| 300 |
|
|
|a 1-15
|
| 490 |
0 |
|
|a Electronic journal of qualitative theory of differential equations : special edition
|v 1 No. 29
|
| 695 |
|
|
|a Határérték probléma - pozitív megoldások, Fixpont-elmélet
|
| 856 |
4 |
0 |
|u http://acta.bibl.u-szeged.hu/42808/1/ejqtde_spec_001_2009_029_001-015.pdf
|z Dokumentum-elérés
|